UM Logo

A new model predictive current controller for grid-connected converters in unbalanced grids / (Record no. 19685)

MARC details
000 -LEADER
fixed length control field 00896nam a22002057a 4500
003 - CONTROL NUMBER IDENTIFIER
control field OSt
005 - DATE AND TIME OF LATEST TRANSACTION
control field 20250924182406.0
008 - FIXED-LENGTH DATA ELEMENTS--GENERAL INFORMATION
fixed length control field 240314b ||||| |||| 00| 0 eng d
040 ## - CATALOGING SOURCE
Transcribing agency 0
082 ## - DEWEY DECIMAL CLASSIFICATION NUMBER
Classification number DPer 621.381 In821 August 2022 v. 37 n. 8
100 ## - MAIN ENTRY--PERSONAL NAME
Personal name Andrew, Euan T.
Relator term author.
9 (RLIN) 54696
245 ## - TITLE STATEMENT
Title A new model predictive current controller for grid-connected converters in unbalanced grids /
Statement of responsibility, etc. Euan T. Andrew, Khaled H. Ahmed, and Derrick Holliday.
260 ## - PUBLICATION, DISTRIBUTION, ETC. (IMPRINT)
Place of publication, distribution, etc. New York ;
Name of publisher, distributor, etc. The Institute of Electrical and Electronics Engineers, Inc. ,
Date of publication, distribution, etc. August 2022.
300 ## - PHYSICAL DESCRIPTION
Extent volume 37, pages 9175 - 9186 :
Other physical details illustration ;
Dimensions 28 cm.
500 ## - GENERAL NOTE
General note IEEE Transitions on Power Electronics, v. 37 n. 8, pages 9175 - 9186, August 2022.
700 ## - ADDED ENTRY--PERSONAL NAME
Personal name Andrew, Euan T.
Relator term author.
9 (RLIN) 54696
700 ## - ADDED ENTRY--PERSONAL NAME
Personal name Almed, Khaled H.
Relator term author.
9 (RLIN) 54697
700 ## - ADDED ENTRY--PERSONAL NAME
Personal name Holliday, Derrick.
Relator term author.
9 (RLIN) 54698
942 ## - ADDED ENTRY ELEMENTS (KOHA)
Source of classification or shelving scheme Dewey Decimal Classification
Koha item type Periodicals
Holdings
Withdrawn status Lost status Source of classification or shelving scheme Damaged status Not for loan Collection code Home library Current library Date acquired Total Checkouts Full call number Date last seen Price effective from Koha item type Public note
    Dewey Decimal Classification     Periodicals UM Digos College - LIC UM Digos College - LIC 03/14/2024   DPer 621.381 In821 August 2022 v. 37 n. 8 03/14/2024 03/14/2024 Periodicals Periodical Article